| 000 | 00368nam a2200133Ia 4500 | ||
|---|---|---|---|
| 008 | 220216s9999 xx 000 0 und d | ||
| 245 | 0 | _aChemical control of imperata cylindrica (L) beauv. (Lalang) in Malaysia | |
| 260 |
_bPlanters Bulletin _c1976 |
||
| 300 | _a85-89 | ||
| 650 | _aDisease control | ||
| 650 | _aImperata cylindrica | ||
| 650 | _aRubber | ||
| 942 | _cJS | ||
| 999 |
_c55488 _d55488 |
||